[Event "Udaipur Lakecity op 3rd"]
[Site "Udaipur"]
[Date "2019.03.29"]
[Round "3"]
[White "Pandey, Srishti"]
[Black "Dadwani, Sahil"]
[Result "1-0"]
[WhiteElo "2020"]
[BlackElo "1605"]
[PlyCount "69"]
[EventDate "2019.03.28"]
[EventType "swiss"]
[EventRounds "8"]
[EventCountry "IND"]
[SourceTitle "CBM 189 Extra"]
[Source "ChessBase"]
[SourceDate "2019.05.31"]
[SourceVersion "1"]
[SourceVersionDate "2019.05.31"]
[SourceQuality "1"]

1. e4 c5 2. b3 e6 3. Bb2 Nc6 4. Nf3 d6 5. Be2 Nf6 6. Nc3 Be7 7. 0-0 0-0 8. d4 cxd4 9. Nxd4 Nxd4 10. Qxd4 Bd7 11. Rad1 Qc7 12. Rfe1 a6 13. Bf3 Bc6 14. Ne2 Rfd8 15. c4 Ne8 16. Qd2 Bf6 17. Nd4 g6 18. Bc3 a5 19. Bg4 Bd7 20. Bh3 Bg7 21. Kh1 d5 22. cxd5 exd5 23. Bxd7 Rxd7 24. Nb5 Qc5 25. Bxg7 Nxg7 26. Nc3 d4 27. Nd5 Kf8 28. Nf6 Rd6 29. e5 Rxf6 30. exf6 Ne6 31. Qh6+ Ke8 32. Qxh7 Rd8 33. Qg8+ Kd7 34. Qxf7+ Kc8 35. Rc1 1-0

[Event "IND-ch U11 30th"]
[Site "India"]
[Date "2016.07.01"]
[Round "6"]
[White "Pranav, V."]
[Black "Dadwani, Sahil"]
[Result "1-0"]
[WhiteElo "1857"]
[BlackElo "1369"]
[PlyCount "101"]
[EventDate "2016.06.28"]
[EventType "swiss"]
[EventRounds "11"]
[EventCountry "IND"]
[SourceTitle "CBM 173 Extra"]
[Source "ChessBase"]
[SourceDate "2016.08.29"]
[SourceVersion "1"]
[SourceVersionDate "2016.08.29"]
[SourceQuality "1"]

1. e4 d6 2. d4 Nf6 3. Nc3 g6 4. Nf3 Bg7 5. Bd3 0-0 6. h3 c5 7. d5 Nbd7 8. Be3 a6 9. a4 Qc7 10. 0-0 Re8 11. a5 Rb8 12. Qc1 Ra8 13. Qd2 Rb8 14. Bh6 Bh8 15. Rfe1 b5 16. axb6 Qxb6 17. Bf1 Ra8 18. Bc4 Bb7 19. Be3 Qc7 20. Qd3 Qc8 21. Na4 Qc7 22. Bd2 a5 23. Bc3 Nb6 24. Nxb6 Qxb6 25. Ra3 Qc7 26. Rea1 Qc8 27. Rxa5 Rxa5 28. Rxa5 Qc7 29. Ra1 Qb6 30. Nd2 Ra8 31. Rxa8+ Bxa8 32. f4 Bb7 33. Kh1 Bg7 34. Nf3 Bh6 35. e5 Nh5 36. exd6 exd6 37. Qe3 Ba6 38. Ng5 Bf8 39. Qe8 Qa7 40. Bxa6 h6 41. Nh7 Qe7 42. Qxf8+ Qxf8 43. Nxf8 Kxf8 44. b4 Nxf4 45. bxc5 Nxd5 46. c6 Ke7 47. Ba5 Ke6 48. Bc4 Kf6 49. Bxd5 g5 50. c7 Kg6 51. c8Q 1-0